Normal view MARC view
  • Bach, Johann Sebastian,

Entry Nombre Personal

Number of records used in: 8

001 - NUMERO DE CONTROL

  • campo de control: 7422

003 - IDENTIFICADOR DE NUMERO DE CONTROL

  • campo de control: MX-MxUPN

005 - FECHA Y HORA DE LA ÜLTIMA TRANSACCIÓN

  • campo de control: 20240821153922.0

008 - DATOS DE LONGITUD FIJA

  • campo de control de longitud fija: 240821n| acannaabn a aaa |d

035 ## - NUMERO DE CONTROL

  • Número de control: UPN10000007426

040 ## - FUENTE DE CATALOGACIÓN

  • Agencia original de catalogación: MX-MxUPN
  • Lenguaje de catalogación: spa
  • Agencia de transcripción: MX-MxUPN

053 #4 - NÚMERO DE CLASIFICACIÓN LC

  • Número de clasificación elemento-número único o número inicial de tramo: ML410 B2

100 1# - ENCABEZAMIENTO - NOMBRE PERSONAL

  • Nombre personal: Bach, Johann Sebastian,
  • Fechas asociadas con el nombre: 1685-1750

670 ## - FUENTE EN LA QUE SE LOCALIZARON DATOS

  • Cita de la fuente: E

902 ## - CATALOGADOR

  • Catalogador: MEEG/150197